Leaders of EU Countries - Statistics

General Stats
  • This quiz has been taken 49 times
    7 since last reset
  • The average score is 12 of 27
Answer Stats
Country Title Leader % Correct
Poland Prime Minister Donald Tusk
100%
France President Emmanuel Macron
100%
Italy Prime Minister Giorgia Meloni
100%
Germany Chancellor Friedrich Merz
83%
Spain Prime Minister Pedro Sánchez
83%
Denmark Prime Minister Mette Frederiksen
67%
Hungary Prime Minister Péter Magyar
67%
Slovakia Prime Minister Robert Fico
67%
Austria Chancellor Christian Stocker
50%
Portugal Prime Minister Luís Montenegro
50%
Finland Prime Minister Petteri Orpo
50%
Czech Republic Prime Minister Andrej Babiš
33%
Croatia Prime Minister Andrej Plenković
33%
Belgium Prime Minister Bart De Wever
33%
Greece Prime Minister Kyriakos Mitsotakis
33%
Slovenia Prime Minister Robert Golob
33%
Netherlands Prime Minister Rob Jetten
33%
Sweden Prime Minister Ulf Kristersson
33%
Estonia Prime Minister Kristen Michal
17%
Luxembourg Prime Minister Luc Frieden
17%
Ireland Taoiseach Micheál Martin
17%
Cyprus President Nikos Christodoulides
17%
Malta Prime Minister Robert Abela
17%
Bulgaria Prime Minister Rumen Radev
17%
Latvia Prime Minister Evika Siliņa
0%
Romania President Ilie Bolojan
0%
Lithuania President Inga Ruginienė
0%
No matching quizzes found
Score Distribution
Percent of People with Each Score
Percentile by Number Answered
Your Score History
You have not taken this quiz since the last reset